000
00225 a2200097 4500
001
43246
100
_a
Aramilen
245
_a
Beyond the Ural mountain
260
_a
London
_b
George Allen & unwin ltd
_c
090
_c
27089
_d
27089
942
_a
NUST-CAE
_c
M
_c
18990
999
_c
278319
_d
278319